|
|
|
|
| LEADER |
00000cam a2200000 7i4500 |
| 001 |
0000034644 |
| 005 |
20151222.0 |
| 008 |
121005 |
| 020 |
|
|
|a 0603564307
|
| 090 |
0 |
0 |
|a JF
|b ENG
|
| 100 |
1 |
|
|a Blyton, Enid
|
| 245 |
1 |
4 |
|a The mystery of the spiteful letters
|c Enid Blyton
|
| 260 |
|
|
|a London :
|b Dean ,
|c 2009
|
| 500 |
|
|
|a Children ages 10-12 years old (pink)
|
| 650 |
|
0 |
|a Adventure
|
| 650 |
|
0 |
|a Junior fiction
|x English
|x languages
|
| 999 |
|
|
|a 0001156976
|b Book
|c Children Collection
|e Perbadanan Perpustakaan Awam Johor
|
| 999 |
|
|
|a 0001156977
|b Book
|c Children Collection
|e Perbadanan Perpustakaan Awam Johor
|